| 000 | 00603nam a2200181Ia 4500 | ||
|---|---|---|---|
| 005 | 20250508155958.0 | ||
| 008 | 008 250505s9999 xx 000 0 eng d | ||
| 037 | _aBooks to be hide in OPAC | ||
| 040 |
_aFEDL _beng _cFEDL |
||
| 041 |
_aeng _2eng |
||
| 084 |
_a373.942, GRE _qFEDL |
||
| 245 | 0 | _aSeondary schools and preparatory schools in England recognised by the board as efficient: List 60-1923-24 | |
| 245 | 0 | _cBoard of Education | |
| 260 |
_aLondon, UK _bHis Majesty's Stationery Office _c1925 |
||
| 300 | _avi,147p. | ||
| 942 |
_cHB _h373.942, GRE |
||
| 999 |
_c1360670 _d1360670 |
||